| 000 | 00544nam a2200193 a 4500 | ||
|---|---|---|---|
| 001 | 5980 | ||
| 003 | CDMR | ||
| 005 | 20130403094716.0 | ||
| 008 | 130220s1995||||||||||||||||||||||||||||d | ||
| 020 | _a8492103515 | ||
| 040 |
_aCDMR _bcat _cCDMR |
||
| 100 | 1 |
_aVázquez Montalbán, Manuel _9766 |
|
| 245 | 1 | 0 |
_aQuè pensa Manuel Vázquez Montalbán _centrevistat per Quim Aranda |
| 260 |
_aBarcelona _bDèria _c1995 |
||
| 300 |
_a126 p ; _c15 cm |
||
| 650 |
_aPeriodistes catalans _vEntrevistes _94 |
||
| 700 | 1 |
_92991 _aAranda, Quim |
|
| 942 |
_cMON _2udc |
||
| 999 |
_c5980 _d5980 |
||